Normal view
MARC view
Entry Personal Name
001 - CONTROL NUMBER
- control field: 69584
003 - CONTROL NUMBER IDENTIFIER
- control field: dpl
005 - DATE AND TIME OF LATEST TRANSACTION
- control field: 20240806142209.0
008 - FIXED-LENGTH DATA ELEMENTS
- fixed length control field: 240806|| aca||aabn | a|a d
040 ## - CATALOGING SOURCE
- Original cataloging agency: dpl
- Transcribing agency: dpl
100 ## - HEADING--PERSONAL NAME
- Personal name: चौगांवकर,पद्मा
670 ## - SOURCE DATA FOUND
- Source citation: Work cat.: (dpl)204881: चौगांवकर,पद्मा, फिर होगी दुनिया सुन्दर /, 2022
